000 00444nam a22001577a 4500
999 _c1311
_d1311
008 200122b ||||| |||| 00| 0 eng d
082 0 0 _a621.81
_bB5983
100 _9905
_aBillings, J. Harland.
245 1 0 _aApplied kinematics for students and mechanical designers
_cby J Harland Billings
250 _a2nd
260 _aNew York
_bD. Van Nostrand Company
_c1943
300 _aix,320p.
365 _d12.01
650 0 _aMachinery
942 _cBK